00437nam a2200181Ia 4500008004100000020001800041050001400059100002400073245003700097245002700134260001500161260001600176260000900192300001600201300002000217300001000237500000800247170918s9999 xx 000 0 und d a9780439757812 bS699 2015 aSonnenblick, Jordan aNotes from the midnight driver / cby Jordan Sonnenblick. aNew York : bScholastic, c2015 a265 pages : billustrations ; c19cm. a930